Parametric analysis of joint time-frequency analysis techniques: application to non-destructive testing and optical thermometry (Record no. 13397)

000 -LEADER
fixed length control field 00549nam a22001337a 4500
082 ## - DEWEY DECIMAL CLASSIFICATION NUMBER
Classification number MSEE-5 AHM
100 ## - MAIN ENTRY--PERSONAL NAME
Personal name Muhammad Zubair Ahmad
9 (RLIN) 98727
245 ## - TITLE STATEMENT
Title Parametric analysis of joint time-frequency analysis techniques: application to non-destructive testing and optical thermometry
260 ## - PUBLICATION, DISTRIBUTION, ETC.
Place of publication, distribution, etc. Islamabad
Name of publisher, distributor, etc. NUST-SEECS
Date of publication, distribution, etc. 2015
300 ## - PHYSICAL DESCRIPTION
Extent 67p.
Other physical details ill.;
Accompanying material CD ROM
500 ## - GENERAL NOTE
General note Supervisors: Dr. Amir Ali Khan, Dr. Rehan Hafiz, Dr. Khawar Khurshid, Dr. Valeriu Varabie
856 ## - ELECTRONIC LOCATION AND ACCESS
Uniform Resource Identifier <a href="http://10.250.8.41:8080/xmlui/handle/123456789/9295">http://10.250.8.41:8080/xmlui/handle/123456789/9295</a>
942 ## - ADDED ENTRY ELEMENTS (KOHA)
Koha item type Project Report
Source of classification or shelving scheme
Holdings
Withdrawn status Lost status Damaged status Not for loan Collection code Permanent Location Current Location Shelving location Date acquired Total Checkouts Full call number Barcode Date last seen Price effective from Koha item type Source of classification or shelving scheme
          Central Library (CL) Central Library (CL) Reference 12/14/2015   MSEE-5 AHM SEECSP01784 12/14/2015 12/14/2015 Project Report  
          Central Library (CL) Central Library (CL) Thesis 11/08/2019   621.3MSEE-5 AHM CL-T-4017 11/08/2019 11/08/2019 Thesis  
          Central Library (CL) Central Library (CL) Thesis 01/02/2020   621.3 MSEE-5 AHM CL-T-4470 01/02/2020 01/02/2020 Thesis  
© 2023 Central Library, National University of Sciences and Technology. All Rights Reserved.